Communes conquises par le RN aux municipales 2026 - Statistiques

Statistiques générales
  • Ce quiz a été pris 25 fois
  • Le résultat moyen est 11 sur 56
Statistiques - réponses
Hint Réponse % Correct
6 Perpignan
88%
1 Nice
76%
7 Carcassonne
59%
3 Hénin-Beaumont
59%
8 Beaucaire
47%
2 Menton
47%
23 Tarascon
41%
11 Vierzon
41%
5 Fréjus
35%
4 Liévin
35%
51 Liévin
35%
30 Orange
35%
14 Cagnes-sur-mer
29%
13 Hayange
29%
42 Hayange
29%
12 La flèche
29%
24 Carpentras
24%
36 Montauban
24%
41 Amnéville
18%
53 harnes
18%
20 La seyne-sur-mer
18%
40 Saint-Avold
18%
43 Val de Briey
18%
9 Agde
12%
32 Bagnols-sur-Cèze
12%
54 billy-montigny
12%
56 Courcelles-lès-lens
12%
28 le Pontet
12%
46 lillers
12%
49 Marles-les-mines
12%
26 Monteux
12%
29 Morières-lès-Avignon
12%
22 Rognac
12%
37 Saint-savin
12%
39 Wittelsheim
12%
44 amilly
6%
25 Aubignan
6%
27 Bédarrides
6%
31 Camaret-sur-aigues
6%
34 Canohès
6%
45 Crépy-en-valois
6%
50 Grenay
6%
48 houdain
6%
19 La valette-du-var
6%
52 loison-sous-lens
6%
35 Moissac
6%
10 Montargis
6%
55 oignies
6%
33 Rivesaltes
6%
18 Salernes
6%
21 Six-Four-les-plages
6%
16 Vauvert
6%
47 bruai-la-bruissière
0%
15 Peymainade
0%
1 Pujet-sur-argent
0%
38 Thizys-les-bourgs
0%
Aucun quiz correspondant
Distribution des résultats
% des personnes avec chaque résultat
Percentile par nombre de réponses
Votre historique - résultats
Vous n’avez pas pris ce quiz